| 000 | 00762nam a2200217 4500 | ||
|---|---|---|---|
| 003 | CO-ViMGA | ||
| 020 | _a9789587752199 | ||
| 040 |
_aCO-ViMGA _bspa _cCO-ViMGA |
||
| 082 | 0 | 4 |
_a658.5 _bG47s |
| 100 | 1 |
_aGiraldo García, Jaime Alberto _93895 |
|
| 245 | 1 | 0 |
_aSimulación de sistemas de producción y de servicios / _cJaime Alberto Giraldo García |
| 260 |
_aManizales, Colombia _bUniversidad Nacional de Colombia, Facultad de Ingeniería y Arquitectura _c2014 |
||
| 300 |
_aIV, 318 p. : _bil., 24 cm. |
||
| 500 | _aIncluye índice | ||
| 504 | _aIncluye bibliografía | ||
| 650 | 1 | 4 |
_aSimulación de eventos discretos _93899 |
| 650 | 1 | 4 |
_aSimulaciones _93896 |
| 650 | 1 | 4 |
_aSistemas de producción _93897 |
| 650 | 1 | 4 |
_aSistemas de servicios _93898 |
| 942 |
_cBK _2ddc |
||
| 999 |
_c35620 _d35620 |
||